Barriers of Intercultural Communication in Multinational Corporations bakalárska práca

Enregistré dans:
Détails bibliographiques
Auteur principal: Havettová, Veronika
Collectivité auteur: Fakulta aplikovaných jazykov EU v Bratislave. Katedra interkultúrnej komunikácie
Autres auteurs: Némethová, Ildikó, 1974-
Format: Livre
Langue:anglais
Publié: Bratislava 2017
Tags: Ajouter un tag
Pas de tags, Soyez le premier à ajouter un tag!

MARC

LEADER 00000nbm a2200000 4500
001 0231402
005 20180215144722.6
041 0 |a eng 
044 |a SK 
245 1 0 |a Barriers of Intercultural Communication in Multinational Corporations  |b bakalárska práca  |c Veronika Havettová ; školiteľ: Ildikó Némethová 
264 1 |a Bratislava  |c 2017 
300 |a 39 s. 
100 1 |a Havettová, Veronika 
700 1 |a Némethová, Ildikó, 1974- 
710 2 |a Fakulta aplikovaných jazykov EU v Bratislave. Katedra interkultúrnej komunikácie